Word Ladder: Fashion Designers Quiz Stats

 Plays Quiz Updated Jun 19, 2019

Score 0/22 Timer 02:30
7 Plays Today
Clue 4-Letter Word % Correct
It needs a keyLOCK
96.8%
To make foodCOOK
95.2%
♥ ___ Chanel ♥♥ COCO ♥
95.1%
'Too ___ for school'COOL
94.9%
Santa's present for the badCOAL
93.8%
It keeps you warm in winterCOAT
93.1%
CrazyLOCO
92.6%
Bound pagesBOOK
92%
Bit of chocolate in a cookieCHIP
92%
Short talkCHAT
91.1%
Opening in a wallDOOR
90%
Clue 4-Letter Word % Correct
Follower of 'pork' or 'karate'CHOP
89.2%
♥ Christian ___♥ DIOR ♥
87.9%
Common pickle herbDILL
87.9%
Child's toyDOLL
86.3%
A note or token representing money or valueCHIT
86.1%
Extremely rude personBOOR
85.2%
An extension out into a body of waterDOCK
85.1%
Fruits and veggies companyDOLE
83.2%
12, in MadridDOCE
80.2%
Chemical compound with two hydroxylsDIOL
76.1%
♥ Jimmy ___♥ CHOO ♥
74.5%

Today's Daily Dose

Missing Word
Sherlocks

Word Ladder
King of the Hill

Quick Pick
Songs in Pink

Get the Picture
NBA Teammates

You're not logged in!

Compare scores with friends on all Sporcle quizzes.
OR
Log In

Sporcle TV

Today on Sporcle TV


Watch our educational content, quiz creation guides, and fun videos on Sporcle TV.

Show Comments

Extras

Top Quizzes Today


Score Distribution

Your Account Isn't Verified!

In order to create a playlist on Sporcle, you need to verify the email address you used during registration. Go to your Sporcle Settings to finish the process.

Report this User

Report this user for behavior that violates our Community Guidelines.

Details: